| 000 | 00857aam a2200313 i 4500 | ||
|---|---|---|---|
| 001 | 768714001 | ||
| 003 | CO-MdFUSB | ||
| 005 | 20250507171241.0 | ||
| 007 | ta | ||
| 008 | 250507t1984 -us |||| |||| 00| 0 eng d | ||
| 020 | _a0-87784-919-6 | ||
| 040 | _cCO-MdFUSB | ||
| 041 | 0 | _aeng | |
| 082 | 0 | 4 |
_223 _a241.66 _bW7462s |
| 100 | 1 |
_aWilson, Earl D. (1939-) _eautor |
|
| 245 | 1 | 0 |
_aSexual sanity : _bbreaking free from uncontrolled habits _c/ Earl D. Wilson |
| 264 | 1 |
_bInterVarsity Press, _aDowners Grove, ILL., USA : _c[1984] |
|
| 264 | 4 | _c©1984 | |
| 300 | _a144 páginas | ||
| 336 |
_atexto _btxt _2rdacontent |
||
| 337 |
_2rdamedia _asin mediación _bn |
||
| 338 |
_2rdacarrier _avolumen _bnc |
||
| 563 | _aRústico | ||
| 650 | 0 |
_aSexo _91346 |
|
| 650 | 0 |
_aVida cristiana _919 |
|
| 942 | _cBK | ||
| 945 | _aJTF-925 | ||
| 999 |
_c35471 _d35471 |
||